[Event "Joao Pessoa de Assis Memorial 3rd"]
[Site "Joao Pessoa"]
[Date "2023.10.21"]
[Round "4"]
[White "Gomes, Andre Luis Bernardi"]
[Black "Torres, Manuela Araujo"]
[Result "1-0"]
[WhiteElo "1631"]
[BlackElo "1446"]
[PlyCount "89"]
[EventDate "2023.10.20"]
[EventType "swiss"]
[EventRounds "6"]
[EventCountry "BRA"]
[SourceTitle "CBM 216 Extra"]
[Source "ChessBase"]
[SourceDate "2023.11.30"]
[SourceVersion "1"]
[SourceVersionDate "2023.11.30"]
[SourceQuality "1"]

1. e4 e5 2. Nf3 Nc6 3. Bc4 Bc5 4. c3 Nf6 5. d3 d6 6. 0-0 0-0 7. Nbd2 a6 8. Bb3 Re8 9. Re1 Bg4 10. Nf1 d5 11. Qe2 Ne7 12. h3 dxe4 13. dxe4 Bh5 14. Ng3 Bxf3 15. Qxf3 b5 16. Bg5 Ng6 17. Rad1 Qe7 18. Nh5 Nf4 19. Nxf6+ gxf6 20. Bh6 Kh8 21. Bxf4 exf4 22. Qxf4 Bd6 23. Qf5 Rg8 24. h4 Rg7 25. Re3 Rag8 26. g3 Qe5 27. Rd5 Qxf5 28. Rxf5 Be5 29. Kg2 c5 30. f4 c4 31. fxe5 cxb3 32. axb3 fxe5 33. Rxe5 h6 34. Rf5 Rd8 35. Rd5 Rgg8 36. Red3 Rxd5 37. exd5 Rd8 38. c4 Kg7 39. Kf3 f5 40. Ke3 Kf6 41. Kd4 bxc4 42. bxc4 Ke7 43. Ke5 Kd7 44. c5 Kc7 45. c6 1-0

[Event "Joao Pessoa de Assis Memorial 3rd"]
[Site "Joao Pessoa"]
[Date "2023.10.20"]
[Round "2"]
[White "Gomes, Andre Luis Bernardi"]
[Black "Da Silva, Cibele Florencio"]
[Result "1-0"]
[WhiteElo "1631"]
[BlackElo "1410"]
[PlyCount "69"]
[EventDate "2023.10.20"]
[EventType "swiss"]
[EventRounds "6"]
[EventCountry "BRA"]
[SourceTitle "CBM 216 Extra"]
[Source "ChessBase"]
[SourceDate "2023.11.30"]
[SourceVersion "1"]
[SourceVersionDate "2023.11.30"]
[SourceQuality "1"]

1. e4 e5 2. Nf3 Nc6 3. Bc4 h6 4. c3 Nf6 5. d3 Bc5 6. Nbd2 Ng4 7. 0-0 Qf6 8. d4 Bb6 9. h3 h5 10. Re1 Nh6 11. Nf1 d6 12. Be3 Qg6 13. Ng3 Ng8 14. b4 h4 15. Nf5 Bxf5 16. exf5 Qxf5 17. dxe5 Bxe3 18. Rxe3 0-0-0 19. e6 d5 20. Bd3 Qf6 21. exf7 Qxf7 22. Qa4 Nf6 23. b5 Nb8 24. Qxa7 Ne4 25. Bxe4 dxe4 26. Nd4 Qd5 27. Qa4 Rhe8 28. Rae1 Rd6 29. b6 Re5 30. bxc7 Kxc7 31. Rb1 Ra6 32. Qb3 Qxb3 33. axb3 Nc6 34. Nxc6 Rxc6 35. f3 1-0

[Event "Joao Pessoa op"]
[Site "Joao Pessoa"]
[Date "2023.03.22"]
[Round "3"]
[White "Gomes, Andre Luis Bernardi"]
[Black "Lima, Stefan Moisei Vieir"]
[Result "0-1"]
[WhiteElo "1660"]
[BlackElo "2007"]
[PlyCount "90"]
[EventDate "2023.03.17"]
[EventType "swiss"]
[EventRounds "6"]
[EventCountry "BRA"]
[SourceTitle "EXT 2024"]
[Source "ChessBase"]
[SourceDate "2023.10.10"]
[SourceVersion "1"]
[SourceVersionDate "2023.10.10"]
[SourceQuality "1"]

1. e4 c5 2. Nf3 d6 3. d4 cxd4 4. Nxd4 Nf6 5. Nc3 a6 6. Bg5 e6 7. f4 Nbd7 8. Bc4 Qa5 9. Qd2 Be7 10. 0-0-0 0-0 11. h3 h6 12. Bxf6 Bxf6 13. g4 b5 14. Bb3 b4 15. Na4 Nc5 16. Nxc5 Qxc5 17. Nf3 Be7 18. h4 a5 19. Ba4 Bb7 20. Qd3 Ba6 21. Qd4 Rac8 22. f5 Be2 23. Qxc5 Rxc5 24. Nd2 Bxd1 25. Kxd1 Bf6 26. g5 hxg5 27. hxg5 Bxg5 28. Nf3 Be7 29. Kd2 exf5 30. exf5 Rxf5 31. Ne1 Bg5+ 32. Kd3 Bf6 33. b3 Rc8 34. Bd7 Rd5+ 35. Ke2 Rc7 36. Bg4 g6 37. Bf3 Re7+ 38. Kf1 Rd2 39. Rh3 Bd4 40. Nd3 Rxc2 41. Bd5 Rd2 42. Bc4 Rd1+ 43. Kg2 Rg1+ 44. Kf3 Re3+ 45. Kf4 Rxh3 0-1

[Event "Joao Pessoa de Assis Memorial 2nd"]
[Site "Joao Pessoa"]
[Date "2022.10.23"]
[Round "5"]
[White "Da Silva Junior, Emanuel Tavares"]
[Black "Gomes, Andre Luis Bernardi"]
[Result "1/2-1/2"]
[WhiteElo "1465"]
[BlackElo "1676"]
[PlyCount "138"]
[EventDate "2022.10.21"]
[EventType "swiss"]
[EventRounds "6"]
[EventCountry "BRA"]
[SourceTitle "CBM 210 Extra"]
[Source "ChessBase"]
[SourceDate "2022.11.30"]
[SourceVersion "1"]
[SourceVersionDate "2022.11.30"]
[SourceQuality "1"]

1. e4 e5 2. Nf3 d6 3. Bc4 Bg4 4. c3 Nf6 5. d3 g6 6. 0-0 Bg7 7. h3 Bxf3 8. Qxf3 0-0 9. Bg5 Nbd7 10. Nd2 c6 11. Qe3 Qb6 12. Bb3 Qxe3 13. Bxe3 b5 14. f4 a5 15. a4 Nh5 16. axb5 cxb5 17. Bd5 exf4 18. Bxf4 Nxf4 19. Bxa8 Rxa8 20. Rxf4 Bh6 21. Rf2 Be3 22. Kf1 Bxf2 23. Kxf2 Kf8 24. d4 a4 25. Ke3 Nb6 26. Kd3 f6 27. b3 d5 28. g3 Ke7 29. exd5 Nxd5 30. c4 bxc4+ 31. bxc4 Nc7 32. Kc3 h5 33. Kb4 Na6+ 34. Kb5 Nc7+ 35. Kb6 Kd7 36. Ne4 Ra6+ 37. Kb7 Ra5 38. Nxf6+ Kd8 39. Ne4 a3 40. Kb6 Ra4 41. Kc5 a2 42. Nc3 Ra5+ 43. Kb4 Rg5 44. Ne2 Rf5 45. Rxa2 Rf2 46. Kb3 Ne6 47. Kc3 Ng5 48. h4 Ne4+ 49. Kb3 Rf3+ 50. Kb4 Nxg3 51. Nxg3 Rxg3 52. Rh2 Kd7 53. Kc5 Kc7 54. d5 g5 55. hxg5 Rxg5 56. Rf2 Rg7 57. Kb5 h4 58. Rh2 Rh7 59. c5 h3 60. d6+ Kd7 61. Kb6 Rh4 62. c6+ Kxd6 63. Rd2+ Ke7 64. c7 Rb4+ 65. Kc5 Rb1 66. Rc2 Kd7 67. Kd5 Kc8 68. Kd6 Rg1 69. Rh2 Rc1 1/2-1/2

[Event "Joao Pessoa de Assis Memorial 2nd"]
[Site "Joao Pessoa"]
[Date "2022.10.21"]
[Round "1"]
[White "Urquiza, Marcello de Albuque"]
[Black "Gomes, Andre Luis Bernardi"]
[Result "1-0"]
[WhiteElo "2038"]
[BlackElo "1676"]
[PlyCount "59"]
[EventDate "2022.10.21"]
[EventType "swiss"]
[EventRounds "6"]
[EventCountry "BRA"]
[SourceTitle "CBM 210 Extra"]
[Source "ChessBase"]
[SourceDate "2022.11.30"]
[SourceVersion "1"]
[SourceVersionDate "2022.11.30"]
[SourceQuality "1"]

1. e4 e5 2. Nf3 d6 3. d4 Bg4 4. dxe5 Bxf3 5. Qxf3 dxe5 6. Bc4 Nf6 7. Qb3 Bc5 8. Bxf7+ Kf8 9. 0-0 Qe7 10. Qxb7 Kxf7 11. Qxa8 Rf8 12. Qb7 Kg8 13. Bg5 Bb6 14. a3 h6 15. Bxf6 Qxf6 16. Qd5+ Kh8 17. Qd2 Rd8 18. Qe2 Nc6 19. c3 Qd6 20. a4 a5 21. Na3 Qd2 22. Rae1 Qxe2 23. Rxe2 Bc5 24. Nc4 Rd7 25. Rd2 Rf7 26. Rd5 Ba7 27. Nxa5 Nxa5 28. Rxa5 c6 29. Rxe5 g5 30. Re6 1-0

[Event "Joao Pessoa Fischer Memorial 11th"]
[Site "Joao Pessoa"]
[Date "2022.05.06"]
[Round "2"]
[White "Gomes, Andre Luis Bernardi"]
[Black "Soares, Paulo Henrique Dos"]
[Result "0-1"]
[WhiteElo "1687"]
[BlackElo "1935"]
[PlyCount "78"]
[EventDate "2022.05.06"]
[EventType "swiss"]
[EventRounds "6"]
[EventCountry "BRA"]
[SourceTitle "EXT 2023"]
[Source "ChessBase"]
[SourceDate "2022.10.05"]
[SourceVersion "1"]
[SourceVersionDate "2022.10.05"]
[SourceQuality "1"]

1. e4 c5 2. Nf3 d6 3. d4 cxd4 4. Nxd4 Nf6 5. Nc3 a6 6. Bg5 e6 7. f4 Be7 8. Qf3 Qc7 9. g4 Nbd7 10. 0-0-0 b5 11. Bxf6 Nxf6 12. g5 Nd7 13. Bg2 Bb7 14. h4 Nc5 15. Rhf1 b4 16. Nb1 Bxe4 17. Qf2 Rc8 18. Bxe4 Nxe4 19. Qe3 d5 20. Nd2 Bc5 21. N2f3 Ng3 22. Rf2 Nf5 23. Qb3 Qxf4+ 24. Kb1 Nxd4 25. Qa4+ Nc6 26. Rff1 0-0 27. h5 Ne5 28. Nd2 Qxg5 29. Rh1 Be3 30. Nb3 Qg2 31. Na5 Nc4 32. Nb7 d4 33. Qxb4 Nxb2 34. Qxb2 Rb8 35. Ka1 Rxb7 36. Qa3 Qxc2 37. Rd3 Rfb8 38. Rb3 Rxb3 39. axb3 Rxb3 0-1

[Event "Natal Potiguar op 11th"]
[Site "Natal"]
[Date "2019.06.08"]
[Round "3"]
[White "Gomes, Andre Luis Bernardi"]
[Black "Costa, Miguel Segundo Fari"]
[Result "1-0"]
[WhiteElo "1702"]
[BlackElo "1108"]
[PlyCount "53"]
[EventDate "2019.06.07"]
[EventType "swiss"]
[EventRounds "6"]
[EventCountry "BRA"]
[SourceTitle "EXT 2020"]
[Source "ChessBase"]
[SourceDate "2019.10.17"]
[SourceVersion "1"]
[SourceVersionDate "2019.10.17"]
[SourceQuality "1"]

1. e4 e5 2. Nf3 Nc6 3. Bc4 Nf6 4. d4 d6 5. Ng5 d5 6. exd5 Na5 7. dxe5 Nxc4 8. exf6 Qxf6 9. 0-0 Bc5 10. Qe2+ Ne5 11. Ne4 Qe7 12. Nxc5 Bg4 13. Qb5+ c6 14. dxc6 bxc6 15. Qb7 Qxb7 16. Nxb7 0-0 17. Nc3 Bf5 18. Re1 Nc4 19. b3 Nb6 20. Ba3 Rfe8 21. Rxe8+ Rxe8 22. Nd6 Re5 23. Nxf5 Rxf5 24. Rd1 Nd5 25. Nxd5 cxd5 26. c4 Re5 27. Kf1 1-0

[Event "Campina Grande 1st"]
[Site "Campina Grande"]
[Date "2019.04.12"]
[Round "7"]
[White "Gomes, Andre Luis Bernardi"]
[Black "Lemos, Doriedson"]
[Result "0-1"]
[WhiteElo "1785"]
[BlackElo "2162"]
[PlyCount "98"]
[EventDate "2019.04.09"]
[EventType "tourn"]
[EventRounds "11"]
[EventCountry "BRA"]
[SourceTitle "CBM 190 Extra"]
[Source "ChessBase"]
[SourceDate "2019.07.15"]
[SourceVersion "1"]
[SourceVersionDate "2019.07.15"]
[SourceQuality "1"]

1. e4 g6 2. Nf3 Bg7 3. d4 c5 4. c3 cxd4 5. cxd4 Nf6 6. Nc3 0-0 7. Bc4 a6 8. 0-0 b5 9. Bd3 Bb7 10. d5 d6 11. h3 Nbd7 12. Re1 Nb6 13. Bc2 Rc8 14. a3 Nfd7 15. Bd2 Nc4 16. Rb1 Nxa3 17. bxa3 Bxc3 18. a4 Qc7 19. Bd3 Bxd2 20. Qxd2 bxa4 21. Qh6 Rfe8 22. Ng5 Nf8 23. h4 a3 24. h5 a2 25. Rbd1 Qc3 26. hxg6 hxg6 27. Qh3 Qf6 28. Qe3 Rc3 29. Qd2 Rxd3 30. Qxd3 Qxg5 31. Qa3 Nd7 32. Qxa2 Nc5 33. Qa3 Bc8 34. Re3 Bd7 35. Rde1 Bb5 36. e5 Rf8 37. exd6 exd6 38. Qc3 Nd7 39. Re8 Ne5 40. Rxf8+ Kxf8 41. Re3 Qg4 42. Rh3 Qc4 43. Qd2 Qg4 44. Rg3 Qh4 45. Rh3 Qxh3 46. f4 Qd3 47. Qb4 Ng4 48. Qe1 Qxd5 49. Kh1 Qa8 0-1

[Event "Joao Pessoa Fischer Memorial 9th"]
[Site "Joao Pessoa"]
[Date "2018.03.18"]
[Round "5"]
[White "Gomes, Andre Luis Bernardi"]
[Black "Quaranta Neto, Francisco"]
[Result "0-1"]
[WhiteElo "1762"]
[BlackElo "1973"]
[PlyCount "88"]
[EventDate "2018.03.16"]
[EventType "swiss"]
[EventRounds "6"]
[EventCountry "BRA"]
[SourceTitle "CBM 183 Extra"]
[Source "ChessBase"]
[SourceDate "2018.04.19"]
[SourceVersion "1"]
[SourceVersionDate "2018.04.19"]
[SourceQuality "1"]

1. e4 e6 2. Nf3 d5 3. Nc3 Nf6 4. e5 Nfd7 5. d4 c5 6. Bb5 Nc6 7. 0-0 cxd4 8. Ne2 Qb6 9. Bxc6 bxc6 10. Nexd4 a5 11. a4 Ba6 12. Re1 c5 13. Nb3 Bc4 14. Nbd2 Ba6 15. Nb3 Be7 16. h4 c4 17. Nbd4 Nc5 18. Be3 Rb8 19. Rb1 Qc7 20. b3 cxb3 21. Nxb3 Nxa4 22. Bd4 Nc3 23. Bxc3 Qxc3 24. Re3 Qc7 25. Ra1 Bb4 26. Nfd4 Bc4 27. h5 Ra8 28. c3 Be7 29. Nd2 g6 30. Nxc4 Qxc4 31. Qa4+ Qxa4 32. Rxa4 Kd7 33. Rf3 Rhf8 34. hxg6 hxg6 35. Nb3 Rfb8 36. Nd4 Rb1+ 37. Kh2 Ke8 38. g4 Re1 39. Rh3 Rxe5 40. Rh8+ Bf8 41. Nc6 Re4 42. Ra2 Kd7 43. f3 Re1 44. Rxa5 Bd6+ 0-1

[Event "Joao Pessoa Fischer Memorial 9th"]
[Site "Joao Pessoa"]
[Date "2018.03.17"]
[Round "4"]
[White "Da Silva, Raissa Priscila Cri"]
[Black "Gomes, Andre Luis Bernardi"]
[Result "0-1"]
[WhiteElo "1308"]
[BlackElo "1762"]
[PlyCount "88"]
[EventDate "2018.03.16"]
[EventType "swiss"]
[EventRounds "6"]
[EventCountry "BRA"]
[SourceTitle "CBM 183 Extra"]
[Source "ChessBase"]
[SourceDate "2018.04.19"]
[SourceVersion "1"]
[SourceVersionDate "2018.04.19"]
[SourceQuality "1"]

1. c4 Nf6 2. e3 d6 3. d4 c6 4. Nc3 g6 5. Nf3 Bg7 6. Be2 0-0 7. 0-0 Nbd7 8. e4 Qc7 9. Bg5 e5 10. d5 c5 11. Nb5 Qb8 12. Qd2 Nxe4 13. Qe3 Nxg5 14. Qxg5 a6 15. Nc3 f5 16. Rac1 Nf6 17. Na4 Qc7 18. b3 Bd7 19. Nc3 Qd8 20. Rfe1 Be8 21. Qh4 h6 22. Nd2 g5 23. Qh3 Bg6 24. Kh1 Qd7 25. Rg1 Rfe8 26. g4 f4 27. f3 Re7 28. Nde4 Nxe4 29. Nxe4 b5 30. Bd3 bxc4 31. Nxc5 dxc5 32. Bxg6 Qd6 33. Rxc4 Qxg6 34. Rxc5 e4 35. Rc6 Qh7 36. d6 Re6 37. Qf1 Rd8 38. Qc4 Qg6 39. d7 Kf7 40. Rd1 e3 41. Rdd6 Qb1+ 42. Kg2 Qe1 43. Qxe6+ Kf8 44. Rc8 Qf2+ 0-1

[Event "Natal Potiguar op"]
[Site "Natal"]
[Date "2017.06.03"]
[Round "4"]
[White "Gomes, Andre Luis Bernardi"]
[Black "Leite, Joao Carlos Zirpoli"]
[Result "0-1"]
[WhiteElo "1796"]
[BlackElo "1636"]
[PlyCount "70"]
[EventDate "2017.06.02"]
[EventType "swiss"]
[EventRounds "6"]
[EventCountry "BRA"]
[SourceTitle "EXT 2018"]
[Source "ChessBase"]
[SourceDate "2017.10.13"]
[SourceVersion "1"]
[SourceVersionDate "2017.10.13"]
[SourceQuality "1"]

1. Nf3 Nf6 2. g3 b6 3. Bg2 Bb7 4. 0-0 g6 5. d3 Bg7 6. e4 d6 7. Re1 0-0 8. c3 e5 9. Nbd2 Nbd7 10. Nb3 d5 11. Bg5 dxe4 12. dxe4 h6 13. Bxf6 Bxf6 14. Qc2 Qe7 15. Rad1 Nc5 16. Nxc5 Qxc5 17. Rd7 Rad8 18. Red1 Rxd7 19. Rxd7 Qc6 20. Qd2 Bc8 21. Rd3 Ba6 22. Rd7 Qxe4 23. h4 Qb1+ 24. Kh2 Bf1 25. g4 Bxg2 26. Kxg2 e4 27. Nd4 Bxh4 28. Qxh6 Bf6 29. Ne6 Re8 30. g5 Be5 31. Nd8 e3 32. Rxf7 Qe4+ 33. Rf3 Rxd8 34. Qh3 Bg7 35. Kh2 e2 0-1